000 00811nam a2200253Ia 4500
003 OSt
005 20220925195554.0
006 a|||||r|||| 00| 0
007 ta
008 220923b |||||||| |||| 00| 0 eng d
020 _a0890650756
037 _cGeneral Book
040 _aRTL
_cRTL
_beng
041 _2eng
_aeng
082 _aX9(J).73.N69<--N39, K8
100 _aSublett Michael D
_9254944
245 0 _aFarmers on the road
_b Interfarm migration and the
260 _aChicago
_bUniversity of Chicago
_c1975
300 _axiii, 215p. Bib p 206-214
_ccm.
490 _aUniversity of Chicago, Geography (Deptt of), Research paper. 168
650 _aAgriculture Insdustry
942 _hX9(J).73.N69<--N39, K8
_cGB
_2CC
999 _c533463
_d533463